[Event "Challenge"]
[Site "http://www.queenalice.com/game.php?id=82013"]
[Date "2006.7.3"]
[Round "-"]
[White "wagner"]
[Black "Batoteiro"]
[Result "1-0"]
[WhiteElo "1182"]
[BlackElo "1004"]

1. e3 d5 2. b3 Nf6 3. a4 h5 4. Bb2 Bg4 5. f3 Bf5 6. g4 hxg4 7. fxg4 Bxg4 8. Qc1
Ne4 9. Be2 Bxe2 10. Kxe2 c5 11. d3 Nd6 12. c4 d4 13. exd4 cxd4 14. Bxd4 Nc6 15.
Bc3 Na5 16. Qd2 Nxb3 17. Qb2 Nxa1 18. Qxa1 g5 19. Bxh8 a5 20. Bg7 f5 21. Nh3 g4
22. Ng5 Qb6 23. Bxf8 Kxf8 24. Ne6+ 1-0

[Event "PLAY ++"]
[Site "http://www.queenalice.com/game.php?id=82887"]
[Date "2006.7.6"]
[Round "-"]
[White "Batoteiro"]
[Black "bruno_santiago"]
[Result "0-1"]
[WhiteElo "972"]
[BlackElo "1952"]

1. d4 Nf6 2. Nc3 g6 3. e4 d6 4. Bb5+ c6 5. Ba4 b5 6. Nxb5 cxb5 7. Bxb5+ Bd7 8.
Qd3 Qa5+ 9. Bd2 Qxb5 10. Qxb5 Bxb5 11. e5 dxe5 12. dxe5 Nfd7 13. h4 Bg7 14. f4
Nc6 15. g4 Nd4 16. c3 Nc2+ 17. Kd1 Nxa1 18. Kc1 Bd3 19. Rh3 Be4 20. c4 O-O 21.
Re3 Nc5 22. Bb4 Nd3+ 23. Rxd3 Bxd3 24. Bxe7 Bh6 25. g5 Rfe8 26. Ba3 Bf8 27. h5
Bxa3 28. hxg6 Bc5 29. Nf3 Be3+ 30. Nd2 Bxg6 31. c5 Red8 32. b4 Rxd2 33. c6 Rc2+
34. Kd1 Bd3 35. c7 Rc1# 0-1

[Event "Challenge"]
[Site "http://www.queenalice.com/game.php?id=84678"]
[Date "2006.7.11"]
[Round "-"]
[White "Batoteiro"]
[Black "diegmr"]
[Result "0-1"]
[WhiteElo "997"]
[BlackElo "1608"]

1. d4 d5 2. Nc3 Nf6 3. f3 Nc6 4. e3 Bf5 5. e4 dxe4 6. Nxe4 Nxe4 7. fxe4 Bxe4 8.
d5 Ne5 9. Nf3 Nxf3+ 10. gxf3 Bxd5 11. Bb5+ c6 12. Ba4 e6 13. Rg1 Qa5+ 14. Qd2
Qxa4 15. b3 Qh4+ 16. Qf2 Bb4+ 17. Ke2 Qxf2+ 18. Kxf2 Bc5+ 19. Be3 Bxe3+ 20. Kxe3
O-O 21. c4 Bxf3 22. Kxf3 Rfd8 23. h4 Rd3+ 24. Ke2 Rad8 25. Rad1 Rxd1 26. Rxd1
Rxd1 27. Kxd1 f5 28. a4 Kf7 29. b4 Kf6 30. c5 e5 31. Ke2 f4 32. b5 Kf5 33. b6 a5
34. Kd3 e4+ 35. Kc4 f3 36. Kc3 f2 37. h5 f1=Q 0-1

[Event "Challenge"]
[Site "http://www.queenalice.com/game.php?id=85727"]
[Date "2006.7.14"]
[Round "-"]
[White "Batoteiro"]
[Black "pierj"]
[Result "0-1"]
[WhiteElo "962"]
[BlackElo "1485"]

1. d4 g6 2. Nf3 Bg7 3. Nc3 e6 4. a4 Nc6 5. h4 Nge7 6. Ne5 Nxe5 7. dxe5 b6 8. g4
Bb7 9. Rh3 a5 10. h5 g5 11. Bxg5 Bxe5 12. Re3 Bh2 13. f4 h6 14. Bf6 c5 15. Bxh8
Bxf4 16. Rf3 Qc7 17. Nb5 Qe5 18. c4 Bg3+ 19. Kd2 Qxh8 20. Rxg3 Rc8 21. Nd6+ Kf8
22. Nxb7 Qd4+ 23. Ke1 Qe5 24. Rd3 Rc7 25. Nd6 Nc6 26. Nb5 Rb7 27. Nd6 Rc7 28. e3
Ke7 29. Qf3 Nd4 30. Qxf7+ Kxd6 31. Qf8+ Kc6 32. Qxh6 Nc2+ 33. Kd2 Qxb2 34. Bg2+
d5 35. Qxe6+ Kb7 36. Rc1 Nd4+ 37. Ke1 Qe2# 0-1

[Event "Let's Play Chess!"]
[Site "http://www.queenalice.com/game.php?id=88480"]
[Date "2006.7.22"]
[Round "-"]
[White "KDP"]
[Black "Batoteiro"]
[Result "1-0"]
[WhiteElo "1229"]
[BlackElo "997"]

1. e4 e5 2. Nf3 c6 3. d4 Nf6 4. dxe5 Nxe4 5. Qd4 f5 6. g4 g6 7. gxf5 gxf5 8. e6
dxe6 9. Qxh8 Nf6 10. Bg5 Nbd7 11. Be2 Qa5+ 12. c3 b5 13. Rg1 b4 14. Bxf6 Nxf6
15. Qxf6 1-0

[Event "Challenge"]
[Site "http://www.queenalice.com/game.php?id=93491"]
[Date "2006.8.7"]
[Round "-"]
[White "hugo10"]
[Black "Batoteiro"]
[Result "1-0"]
[WhiteElo "1131"]
[BlackElo "972"]

1. e3 d5 2. b3 Nf6 3. c4 Bg4 4. f3 Bh5 5. g4 Bg6 6. e4 c6 7. cxd5 cxd5 8. e5
Nfd7 9. Bg2 Nxe5 10. Qe2 Nbc6 11. Nc3 d4 12. Nb5 d3 13. Qe3 a6 14. Nc3 b5 15. a4
b4 16. f4 bxc3 17. dxc3 Na5 18. Bxa8 Qxa8 19. Kf1 Qxh1 20. Qxe5 Nxb3 21. Qb8+
Kd7 22. Qxb3 Qxh2 23. Qb7+ Kd6 24. Qxa6+ Kc5 25. f5 e5 26. fxg6 fxg6 27. Ba3+
Kd5 28. Qa8+ Kc4 29. Bxf8 Rxf8+ 30. Qxf8 Kb3 31. Qxg7 Kb2 32. Re1 Kb3 33. Nf3
Qg3 34. a5 d2 35. Rd1 1-0

[Event "Challenge"]
[Site "http://www.queenalice.com/game.php?id=101393"]
[Date "2006.9.1"]
[Round "-"]
[White "Danado"]
[Black "Batoteiro"]
[Result "1-0"]
[WhiteElo "1451"]
[BlackElo "960"]

1. e4 e5 2. Bc4 Bc5 3. Qf3 Qf6 4. Qxf6 Nxf6 5. Nf3 d5 6. exd5 b6 7. Nxe5 c6 8.
dxc6 O-O 9. Bxf7+ Rxf7 10. Nxf7 Kxf7 11. c7 Nc6 12. Nc3 Bd7 13. d3 Rc8 14. Nb5
Bb4+ 15. c3 Bc5 16. b4 Be7 17. Bg5 Re8 18. O-O a6 19. Bxf6 Bxf6 20. Rfe1 Ne5 21.
Nd6+ Ke7 22. Nxe8 Bxe8 23. c8=Q Bb5 24. c4 Bd7 25. Qxa6 Kf7 26. Qxb6 Nxd3 27.
Red1 Bxa1 28. Rxa1 Nb2 29. Qb7 1-0

[Event "AUTO-OPEN-375"]
[Site "http://www.queenalice.com/game.php?id=101791"]
[Date "2006.9.2"]
[Round "1"]
[White "grandeuberlandia"]
[Black "Batoteiro"]
[Result "1-0"]
[WhiteElo "1958"]
[BlackElo "960"]

1. d4 d5 2. Bg5 h6 3. Bh4 Nc6 4. e3 g5 5. Bg3 e5 6. dxe5 Qe7 7. c3 Nxe5 8. Qxd5
Ng4 9. Bb5+ c6 10. Bxc6+ Bd7 11. Bxb7 Rb8 12. Bxb8 N8f6 13. Qd4 Nxf2 14. Kxf2
Bb5 15. Bf3 Qd8 16. Qe5+ Be7 17. Qxb5+ Kf8 18. Be5 1-0

[Event "AUTO-OPEN-375"]
[Site "http://www.queenalice.com/game.php?id=101792"]
[Date "2006.9.2"]
[Round "1"]
[White "Batoteiro"]
[Black "grandeuberlandia"]
[Result "0-1"]
[WhiteElo "958"]
[BlackElo "1998"]

1. d4 d5 2. Bg5 Bg4 3. h3 Bh5 4. g4 Bg6 5. Nc3 c6 6. h4 h6 7. Bf4 Nf6 8. g5 hxg5
9. Bxg5 Nbd7 10. Bh3 e6 11. Nf3 Qb6 12. b3 Ne4 13. Nxe4 dxe4 14. Ne5 Nxe5 15.
dxe5 Qa5+ 16. Qd2 Bb4 17. O-O-O Bxd2+ 18. Rxd2 Qxa2 19. Rd4 e3 20. Bxe3 Qxc2#
0-1

[Event "AUTO-OPEN-375"]
[Site "http://www.queenalice.com/game.php?id=101819"]
[Date "2006.9.2"]
[Round "1"]
[White "McKnights"]
[Black "Batoteiro"]
[Result "1-0"]
[WhiteElo "1890"]
[BlackElo "952"]

1. e4 e5 2. Nf3 Nc6 3. Nc3 Nf6 4. d4 Nxd4 5. Nxd4 exd4 6. Qxd4 d5 7. e5 Ne4 8.
Nxd5 Bf5 9. Be3 Bc5 10. Qa4+ c6 11. Bc4 b5 12. Bxb5 cxb5 13. Qxb5+ Kf8 14. Bxc5+
Nxc5 15. Qxc5+ Ke8 16. Nc7+ Kd7 17. O-O-O+ Kc8 18. Rxd8+ Rxd8 19. Nb5+ Kb7 20.
Nd6+ Rxd6 21. Qxd6 Rc8 22. c3 Rc6 23. Qb4+ Kc7 24. Qe7+ Kb6 25. Qxf7 g5 26. Qxf5
1-0

[Event "AUTO-OPEN-375"]
[Site "http://www.queenalice.com/game.php?id=101820"]
[Date "2006.9.2"]
[Round "1"]
[White "Batoteiro"]
[Black "McKnights"]
[Result "0-1"]
[WhiteElo "954"]
[BlackElo "1888"]

1. e4 d5 2. d3 dxe4 3. dxe4 Nc6 4. Qxd8+ Nxd8 5. Bb5+ c6 6. Ba4 Nf6 7. Nd2 a5 8.
Nc4 b5 9. Nb6 Rb8 10. Nxc8 Rxc8 11. e5 Ne4 12. Bb3 a4 13. f3 Nc5 14. Be3 Ndb7
15. Ne2 axb3 16. cxb3 e6 17. O-O Nd3 18. Rab1 Be7 19. Rfd1 Nxe5 20. Nd4 O-O 21.
Nxc6 Rxc6 22. f4 Ng4 23. Rd7 Nxe3 24. Rxb7 Bf6 25. Re1 Nd5 26. g3 Rc2 0-1

[Event "AUTO-BEG-24"]
[Site "http://www.queenalice.com/game.php?id=101861"]
[Date "2006.9.2"]
[Round "1"]
[White "Batoteiro"]
[Black "serrameira"]
[Result "0-1"]
[WhiteElo "956"]
[BlackElo "1554"]

1. d4 Nf6 2. Nf3 d5 3. g3 Nc6 4. Ne5 Bf5 5. Nxc6 bxc6 6. Nc3 e6 7. b4 Bd6 8. Bf4
Bxb4 9. Qd2 Ne4 10. Rb1 Bxc3 11. Qxc3 Nxc3 12. Ra1 g5 13. Bd2 Ne4 14. Bb4 Rb8
15. Rb1 a5 0-1

[Event "AUTO-BEG-24"]
[Site "http://www.queenalice.com/game.php?id=101862"]
[Date "2006.9.2"]
[Round "1"]
[White "serrameira"]
[Black "Batoteiro"]
[Result "1-0"]
[WhiteElo "1550"]
[BlackElo "958"]

1. e4 e5 2. f4 f5 3. exf5 exf4 4. d4 Qe7+ 5. Qe2 Qxe2+ 6. Nxe2 Bd6 7. Bxf4 Bxf4
8. Nbc3 Bh6 9. Nd5 Ne7 10. Nxc7+ Kd8 11. Nxa8 Nxf5 12. Nc3 Re8+ 13. Be2 Nxd4 14.
Kf2 Nxc2 15. Rad1 Rf8+ 16. Bf3 Be3+ 17. Ke2 b6 18. Nd5 1-0

[Event "AUTO-BEG-24"]
[Site "http://www.queenalice.com/game.php?id=101863"]
[Date "2006.9.2"]
[Round "1"]
[White "Batoteiro"]
[Black "El_Guapo"]
[Result "0-1"]
[WhiteElo "950"]
[BlackElo "1446"]

1. d4 d5 2. Nc3 Bf5 3. e3 e6 4. Bb5+ Nc6 5. h4 Nf6 6. Ba4 Bb4 7. Bd2 O-O 8. a3
Ba5 9. Nf3 Bg4 10. Nb5 e5 11. Bxa5 Nxa5 12. dxe5 Ne4 13. b4 Nc4 14. Qd4 a6 15.
Nh2 Qxh4 16. g3 Qh3 0-1

[Event "AUTO-BEG-24"]
[Site "http://www.queenalice.com/game.php?id=101864"]
[Date "2006.9.2"]
[Round "1"]
[White "El_Guapo"]
[Black "Batoteiro"]
[Result "1-0"]
[WhiteElo "1446"]
[BlackElo "950"]

1. e4 e5 2. Nf3 c5 3. Nc3 Nc6 4. Bb5 a6 5. Bxc6 dxc6 6. Nxe5 Nf6 7. d3 Bd6 8.
Bf4 Qa5 9. d4 Nxe4 10. Nc4 Nxc3 11. Qd2 Bxf4 12. Qxf4 Nxa2+ 13. Nxa5 Nb4 14. O-O
Nxc2 15. Rac1 Nxd4 16. Rfe1+ Ne6 17. Qd6 1-0

[Event "AUTO-BEG-24"]
[Site "http://www.queenalice.com/game.php?id=101865"]
[Date "2006.9.2"]
[Round "1"]
[White "Batoteiro"]
[Black "Stephanovski"]
[Result "0-1"]
[WhiteElo "1006"]
[BlackElo "1438"]

1. d4 d5 2. Nf3 Bg4 3. Nc3 c6 4. h3 Bxf3 5. gxf3 Nf6 6. e4 e6 7. e5 Nh5 8. f4
Qh4 9. Be2 Nxf4 10. Bg4 h5 11. Bf3 Nxh3 12. Qe2 g5 0-1

[Event "AUTO-BEG-24"]
[Site "http://www.queenalice.com/game.php?id=101866"]
[Date "2006.9.2"]
[Round "1"]
[White "Stephanovski"]
[Black "Batoteiro"]
[Result "1-0"]
[WhiteElo "1521"]
[BlackElo "995"]

1. e4 e5 2. Nf3 d6 3. d4 c5 4. dxe5 dxe5 5. Qxd8+ Kxd8 6. Nxe5 f6 7. Nf7+ Ke8 8.
Nxh8 g5 9. Bc4 Ne7 10. O-O Ng6 11. Bf7+ Ke7 12. Nxg6+ 1-0